[Event "FRA-ch op-B"]
[Site "Pau"]
[Date "2012.08.14"]
[Round "1"]
[White "Burtin, Laurent"]
[Black "Gaftarnik, Olivier"]
[Result "1-0"]
[WhiteElo "1950"]
[BlackElo "1855"]
[PlyCount "35"]
[EventDate "2012.08.14"]
[EventType "swiss"]
[EventRounds "11"]
[EventCountry "FRA"]
[SourceTitle "EXT 2013"]
[Source "ChessBase"]
[SourceDate "2012.11.22"]
[SourceVersion "1"]
[SourceVersionDate "2012.11.22"]
[SourceQuality "1"]

1. e4 e5 2. Bc4 Nf6 3. Nf3 Nc6 4. Ng5 d5 5. exd5 Na5 6. Bb5+ c6 7. dxc6 bxc6 8. Ba4 h6 9. Nf3 e4 10. Qe2 Be7 11. Ne5 Bb7 12. Nc3 0-0 13. Ng4 c5 14. Nxf6+ Bxf6 15. Nxe4 Nc6 16. Bxc6 Bxc6 17. d4 Re8 18. 0-0 1-0

[Event "Avoine op 24th"]
[Site "Avoine"]
[Date "2009.07.20"]
[Round "3"]
[White "Gaftarnik, Olivier"]
[Black "Antoine, Jean Luc"]
[Result "0-1"]
[WhiteElo "1875"]
[BlackElo "2030"]
[PlyCount "98"]
[EventDate "2009.07.18"]
[EventType "swiss"]
[EventRounds "9"]
[EventCountry "FRA"]
[SourceTitle "CBM 131 Extra"]
[Source "ChessBase"]
[SourceDate "2009.09.03"]
[SourceVersion "2"]
[SourceVersionDate "2009.09.16"]
[SourceQuality "1"]

1. e4 c5 2. Nf3 d6 3. Bc4 Nf6 4. Nc3 e6 5. d4 cxd4 6. Nxd4 Be7 7. 0-0 Nc6 8. Bb3 0-0 9. Be3 Na5 10. Qe2 e5 11. Nf5 Bxf5 12. exf5 Nxb3 13. cxb3 h6 14. f4 Qa5 15. g4 exf4 16. Bxf4 Rfe8 17. Qf3 Qc5+ 18. Kh1 Qc6 19. h3 Rac8 20. Rad1 a6 21. Rf2 Red8 22. Nd5 Nxd5 23. Qxd5 Bg5 24. Bxg5 hxg5 25. Qxc6 bxc6 26. Rfd2 d5 27. b4 Re8 28. Rc1 Red8 29. Rc5 Rd6 30. Ra5 Ra8 31. Kg2 Kf8 32. a4 Rb8 33. Rxa6 Rxb4 34. Ra8+ Ke7 35. Ra7+ Rd7 36. Re2+ Kd6 37. Ra8 d4 38. Rd2 c5 39. a5 Kd5 40. a6 c4 41. Rc8 d3 42. Kf3 Kd4 43. Re8 Rb6 44. Re4+ Kc5 45. Re5+ Kb4 46. Ke4 Rxa6 47. Rd5 Rxd5 48. Kxd5 Ra1 49. Kd6 Re1 0-1

[Event "Rohde op 06th"]
[Site "Sautron"]
[Date "2006.11.02"]
[Round "7"]
[White "Gaftarnik, Olivier"]
[Black "Hallope, Arnaud"]
[Result "1/2-1/2"]
[WhiteElo "1936"]
[BlackElo "1780"]
[PlyCount "37"]
[EventDate "2006.10.28"]
[EventType "swiss"]
[EventRounds "9"]
[EventCountry "FRA"]
[SourceTitle "EXT 2007"]
[Source "ChessBase"]
[SourceDate "2006.11.23"]
[SourceVersion "1"]
[SourceVersionDate "2006.11.23"]
[SourceQuality "1"]

1. e4 c6 2. c4 d5 3. cxd5 cxd5 4. exd5 Qxd5 5. Nc3 Qd6 6. d4 g6 7. Nb5 Qb6 8. a4 a6 9. Nc3 Bg7 10. Nf3 Bg4 11. Be2 Bxf3 12. Bxf3 Qxd4 13. Qxd4 Bxd4 14. Nd5 Kd8 15. Bd2 Nc6 16. a5 e5 17. Rc1 Nge7 18. Bg5 Rb8 19. Nxe7 1/2-1/2

[Event "Avoine op 21th"]
[Site "Avoine"]
[Date "2006.07.25"]
[Round "4"]
[White "Primel, Dominique"]
[Black "Gaftarnik, Olivier"]
[Result "1-0"]
[WhiteElo "2064"]
[BlackElo "1943"]
[PlyCount "31"]
[EventDate "2006.07.22"]
[EventType "swiss"]
[EventRounds "9"]
[EventCountry "FRA"]
[SourceTitle "EXT 2007"]
[Source "ChessBase"]
[SourceDate "2006.11.23"]
[SourceVersion "1"]
[SourceVersionDate "2006.11.23"]
[SourceQuality "1"]

1. Nf3 Nf6 2. c4 b6 3. g3 Bb7 4. Bg2 c5 5. 0-0 e6 6. Nc3 Be7 7. Re1 d5 8. cxd5 exd5 9. d4 0-0 10. Bf4 Nc6 11. Rc1 Ne4 12. dxc5 Nxc3 13. Rxc3 Nb4 14. a3 d4 15. Rc4 Nd5 16. c6 1-0

[Event "Avoine op 20th"]
[Site "Avoine"]
[Date "2005.07.26"]
[Round "4"]
[White "Gaftarnik, Olivier"]
[Black "Di Meglio, Jean Pierre"]
[Result "0-1"]
[WhiteElo "1965"]
[BlackElo "2058"]
[PlyCount "52"]
[EventDate "2005.07.23"]
[EventType "swiss"]
[EventRounds "9"]
[EventCountry "FRA"]
[SourceTitle "EXT 2007"]
[Source "ChessBase"]
[SourceDate "2006.11.23"]
[SourceVersion "1"]
[SourceVersionDate "2006.11.23"]
[SourceQuality "1"]

1. e4 e5 2. Nf3 Nc6 3. d4 exd4 4. Nxd4 Bc5 5. Be3 Qf6 6. c3 Nge7 7. b4 Bb6 8. a4 Bxd4 9. Bxd4 Nxd4 10. cxd4 Nc6 11. e5 Qf4 12. Nc3 Nxd4 13. Be2 Qxe5 14. 0-0 Nxe2+ 15. Nxe2 0-0 16. Re1 d5 17. Nd4 Qd6 18. Nb5 Qd8 19. Qh5 c6 20. Nd4 Qd6 21. Re3 Bd7 22. Rg3 Rfe8 23. Nf3 h6 24. Rd1 Re4 25. h3 Rae8 26. Nd4 Qe5 0-1

[Event "St Chely d'Aubrac op 5th"]
[Site "St Chely d'Aubrac"]
[Date "2005.07.10"]
[Round "2"]
[White "Chaplin, Erik"]
[Black "Gaftarnik, Olivier"]
[Result "1-0"]
[WhiteElo "2148"]
[BlackElo "1965"]
[PlyCount "57"]
[EventDate "2005.07.09"]
[EventType "swiss"]
[EventRounds "9"]
[EventCountry "FRA"]
[SourceTitle "CBM 107 Extra"]
[Source "ChessBase"]
[SourceDate "2005.09.01"]
[SourceVersion "1"]
[SourceVersionDate "2005.09.01"]
[SourceQuality "1"]

1. b3 e5 2. Bb2 Nc6 3. e3 Nf6 4. c4 Be7 5. Nc3 d5 6. cxd5 Nxd5 7. a3 0-0 8. Qc2 Nxc3 9. Bxc3 Bf6 10. Bd3 h6 11. Ne2 Be6 12. 0-0 a6 13. b4 Qd6 14. Ng3 Qd8 15. Nh5 Be7 16. f4 Bg4 17. Ng3 exf4 18. Rxf4 Be6 19. Nf5 Bg5 20. Nxg7 Re8 21. Bh7+ Kf8 22. Nh5 Qd6 23. Bg7+ Ke7 24. Bf6+ Kf8 25. Bxg5 hxg5 26. Rf6 Ne5 27. h3 Rad8 28. d4 Nc4 29. Qf2 1-0